<?xml version="1.0" encoding="UTF-8"?>
<marc:record xmlns:marc="http://www.loc.gov/MARC21/slim">
   <marc:leader>00000nam a2200000 a 4500</marc:leader>
   <marc:datafield ind1=" " ind2=" " tag="653">
      <marc:subfield code="a">s||?Würde</marc:subfield>
   </marc:datafield>
   <marc:datafield ind1=" " ind2=" " tag="653">
      <marc:subfield code="a">f||?Aufsatzsammlung</marc:subfield>
   </marc:datafield>
   <marc:datafield ind1=" " ind2=" " tag="653">
      <marc:subfield code="a">s||?Altern</marc:subfield>
   </marc:datafield>
   <marc:datafield ind1=" " ind2=" " tag="653">
      <marc:subfield code="a">s||?Seelsorge</marc:subfield>
   </marc:datafield>
   <marc:datafield ind1="0" ind2="0" tag="245">
      <marc:subfield code="a">Diakonia</marc:subfield>
   </marc:datafield>
   <marc:datafield ind1="0" ind2="0" tag="245">
      <marc:subfield code="b">internationale Zeitschrift für die Praxis der Kirche</marc:subfield>
   </marc:datafield>
   <marc:datafield ind1=" " ind2="1" tag="264">
      <marc:subfield code="a">Mainz</marc:subfield>
      <marc:subfield code="b">Matthias-Grünewald-Verl. [u.a.]</marc:subfield>
      <marc:subfield code="c">2023</marc:subfield>
   </marc:datafield>
   <marc:datafield ind1=" " ind2=" " tag="250">
      <marc:subfield code="a">54</marc:subfield>
   </marc:datafield>
   <marc:datafield ind1="1" ind2=" " tag="520">
      <marc:subfield code="a">Während dieses dritte Lebensalter meist als eine Zeit der Freiheit gedacht wird, wird die Perspektive auf das vierte Lebensalter von den irgendwann unweigerlich eintretenden gesundheitlichen Beeinträchtigungen überschattet. Doch das Älterwerden ist kein Vorgang, dem man passiv ausgesetzt sein muss. Selbstbestimmt das eigene Älterwerden leben impliziert, sich möglichst frühzeitig mit den Fragen nach einem erwünschten Lebensraum (Wo will ich leben?), nach den sozialen Beziehungen (Mit wem will ich leben?), nach den individuellen und gesellschaftlichen Ressourcen (Wovon will ich leben?) sowie nach dem Lebenssinn (Wofür werde ich leben?) im (dritten und) vierten Lebensalter auseinanderzusetzen. Pastorale Perspektiven für ein würdevolles und selbstbestimmtes Älter- und Altwerden werden in den Beiträgen dieses Heftes aufgezeigt.</marc:subfield>
   </marc:datafield>
   <marc:datafield ind1=" " ind2=" " tag="022">
      <marc:subfield code="a">03419592</marc:subfield>
   </marc:datafield>
   <marc:datafield ind1=" " ind2=" " tag="041">
      <marc:subfield code="a">ger</marc:subfield>
   </marc:datafield>
   <marc:datafield ind1="0" ind2=" " tag="490">
      <marc:subfield code="v">5404</marc:subfield>
   </marc:datafield>
</marc:record>
